Astros, humores y cometas. Las obras de Juan Jerónimo Navarro, Joan de Figueroa y Francisco Ruiz Lozano (Lima, 1645-1665).

Kaydedildi:
Detaylı Bibliyografya
Yazar: Suárez, Margarita (edición y estudio preliminar)
Diğer Yazarlar: Espinoza, Augusto, Gauger, Juan Manuel, Chalán, Diego, Cuya, Alejandra
Materyal Türü: Bilinmiyor
Dil:İngilizce
Baskı/Yayın Bilgisi: Lima, Perú. Fondo Editorial de la Pontificia Universidad Católica del Perú. 2019
Konular:
Etiketler: Etiketle
Etiket eklenmemiş, İlk siz ekleyin!

MARC

LEADER 00000 a2200000 4500
003 CL-VaPUC
005 20240820120733.0
008 200608b ||||| |||| 00| 0 eng d
999 |c 423254  |d 423252 
020 |a 9786123174736 
040 |c Pontificia Universidad Católica de Valparaíso 
082 |a 509.85032 SUA 2019 
100 |a Suárez, Margarita  |9 814359  |e edición y estudio preliminar 
245 |a Astros, humores y cometas.  |b Las obras de Juan Jerónimo Navarro, Joan de Figueroa y Francisco Ruiz Lozano (Lima, 1645-1665). 
260 |a Lima, Perú.   |b Fondo Editorial de la Pontificia Universidad Católica del Perú.  |c 2019 
300 |a 448 páginas 
505 |r Margarita Suárez.  |t Primera parte. Estudio preliminar. 
505 |r Juan Jerónimo Navarro, 1645.  |t Segunda parte. Sangrar y purgar en días de conjunción. 
505 |r Joan de Figueroa, 1660.  |t Tercera parte. Opúsculo de astrología en medicina, y de los términos y partes de la astronomía necesarias para el uso de ella 
505 |r Francisco Ruiz Lozano, 1665.  |t Cuarta parte. Tratado de cometas, observación y juicio del que se vio en esta ciudad de los reyes y generalmente en todo el mundo, por los fines del año de 1664 y principios de este de 1665. 
583 |k Cristina Rojas  |c 20200608 
600 |a JUAN GERONIMO NAVARRO  |d m.1648  |9 856548 
600 |a JUAN DE FIGUEROA  |d 1583-1655  |9 856549 
600 |a FRANCISCO RUIZ LOZANO  |d ca.1607-1677  |9 856550 
650 |a CIENCIA   |y EPOCA COLONIAL   |z PERU  |9 856551 
650 0 |a Astrología médica   |x Siglo 17  |9 856552 
650 |a MEDICINA   |x SIGLO 17   |9 856553 
700 |a Espinoza, Augusto  |9 856544 
700 |a Gauger, Juan Manuel  |9 856545 
700 |a Chalán, Diego  |9 856546 
700 |a Cuya, Alejandra  |9 856547 
852 |a BIBHIS 
942 |2 ddc  |c BK 
952 |0 0  |1 0  |2 ddc  |4 0  |6 509_850320000000000_SUA_2019  |7 0  |8 A  |9 576542  |a BIBHIS  |b BIBHIS  |d 2020-06-08  |e 3  |g 30851.00  |i 5576032  |o 509.85032 SUA 2019  |p 5576032  |r 2025-01-20  |t 2  |v 30851.00  |w 2020-06-08  |y BK  |k HIS 
952 |0 0  |1 0  |2 ddc  |4 0  |6 509_850320000000000_SUA_2019  |7 0  |8 A  |9 576543  |a BIBHIS  |b BIBHIS  |d 2020-06-08  |e 3  |g 30851.00  |i 5576024  |l 2  |o 509.85032 SUA 2019  |p 5576024  |r 2025-01-20  |s 2020-12-22  |t 1  |v 30851.00  |w 2020-06-08  |y BK  |k HIS